000 nam a22 7a 4500
999 _c7763
_d7763
008 171006b xxu||||| |||| 00| 0 eng d
100 _94241
_aRachna.M.
245 _aBusiness Studies
260 _aNew Delhi
_bJPH
_c2009